|
|
|
|
| LEADER |
00000nam a2200000 a 4500 |
| 001 |
UCI4349 |
| 003 |
CL-VaPUC |
| 008 |
080111e20050000BL |||||||||||||||||spa|d |
| 041 |
0 |
7 |
|a spa
|2 CL-VaPUC
|
| 041 |
0 |
7 |
|a eng
|2 CL-VaPUC
|
| 041 |
0 |
7 |
|a fre
|2 CL-VaPUC
|
| 082 |
0 |
4 |
|a 363.818
|b MIN
|2 21
|
| 110 |
2 |
|
|a Ministerio de Desarrollo Social y Combate al Hambre
|e author
|9 526181
|
| 245 |
1 |
0 |
|a When the life of brazilians changes so does Brazil
|
| 246 |
1 |
0 |
|a Ministère du dévelopment social du combat contre la fam
|
| 246 |
1 |
0 |
|a Cuando la vida de los brasileños cambia, Brasil cambia también
|
| 300 |
|
|
|a 21 p
|
| 942 |
|
|
|c BK
|
| 945 |
|
|
|d 20080111 00:00:00
|a jtorresc
|
| 260 |
|
|
|a Brasilia
|b Fomezero
|c 2005
|
| 650 |
|
7 |
|a DESAROLLO SOCIAL
|2 CL-VaPUC
|9 526182
|
| 650 |
|
7 |
|a POBREZA URBANA
|2 CL-VaPUC
|9 308662
|
| 650 |
|
7 |
|a POBREZA RURAL
|2 CL-VaPUC
|9 382980
|
| 650 |
|
0 |
|a Integración social
|9 319662
|
| 650 |
|
7 |
|a HAMBRE
|2 CL-VaPUC
|9 316139
|
| 650 |
|
0 |
|a Problemas sociales
|9 258537
|
| 650 |
|
0 |
|a Alimentos
|9 256203
|
| 650 |
|
7 |
|a NECESIDADES HUMANAS
|2 CL-VaPUC
|9 342118
|
| 650 |
|
0 |
|a Desarrollo económico y social
|9 256320
|
| 651 |
|
0 |
|a Brasil
|9 267393
|
| 583 |
|
|
|a last modification
|c 20080111 00:00:00
|k Rodrigo Vera
|
| 999 |
|
|
|c 328296
|d 328294
|
| 952 |
|
|
|0 0
|1 0
|4 0
|6 363_818000000000000_MIN_2005
|7 0
|8 A
|9 412134
|a BIBGIM
|b BIBGIM
|d 2019-11-22
|i 4399773
|o 363.818 MIN 2005
|p 4399773
|r 2025-01-15
|w 2019-11-22
|y BK
|k GIM
|